जनसंचार : (Record no. 118160)

MARC details
000 -LEADER
fixed length control field 01241nam a22002537a 4500
005 - DATE AND TIME OF LATEST TRANSACTION
control field 20170124103107.0
010 ## - LIBRARY OF CONGRESS CONTROL NUMBER
LC control number B-237875
020 ## - INTERNATIONAL STANDARD BOOK NUMBER
Terms of availability 350.00
International Standard Book Number 9788190481922
035 ## - SYSTEM CONTROL NUMBER
System control number B-237875
037 ## - SOURCE OF ACQUISITION
Source of stock number/acquisition Cen Lib/Ret
040 ## - CATALOGING SOURCE
Original cataloging agency DPL
Language of cataloging HN
082 ## - DEWEY DECIMAL CLASSIFICATION NUMBER
Classification number 070
Item number दीक्षित
100 ## - MAIN ENTRY--PERSONAL NAME
Personal name दीक्षित, सूर्यप्रसाद
9 (RLIN) 42819
245 ## - TITLE STATEMENT
Title जनसंचार :
Statement of responsibility, etc सूर्यप्रसाद दीक्षित
Remainder of title प्रकृति और परम्परा /
246 ## - VARYING FORM OF TITLE
Title proper/short title Jan sanchar : prakriti aur parampara /
Remainder of title by Suryaprasad Dikshit
260 ## - PUBLICATION, DISTRIBUTION, ETC. (IMPRINT)
Place of publication, distribution, etc दिल्ली
Name of publisher, distributor, etc ट्राईडेंट पब्लिशर्स
Date of publication, distribution, etc 2007
270 ## - ADDRESS
Address 1362, सैकेंड फ्लोर, निकट इंडियन बैंक, कश्मीरी गेट
City दिल्ली
Postal code 110006
300 ## - PHYSICAL DESCRIPTION
Extent 280पृ.
Dimensions 20सेमी(सजिल्द)
650 ## - SUBJECT ADDED ENTRY--TOPICAL TERM
Topical term or geographic name as entry element हिन्दी -- जनसंचार
9 (RLIN) 78626
650 ## - SUBJECT ADDED ENTRY--TOPICAL TERM
Topical term or geographic name as entry element हिन्दी -- जनसंचार के प्रकार
9 (RLIN) 46281
650 ## - SUBJECT ADDED ENTRY--TOPICAL TERM
Topical term or geographic name as entry element Hindi -- Mass Communication
9 (RLIN) 78627
650 ## - SUBJECT ADDED ENTRY--TOPICAL TERM
Topical term or geographic name as entry element Hindi -- Mass Type
9 (RLIN) 78628
942 ## - ADDED ENTRY ELEMENTS (KOHA)
Source of classification or shelving scheme Dewey Decimal Classification
Koha item type Hindi Books
Classification part 070
Call number suffix दीक्षित
Holdings
Withdrawn status Lost status Damaged status Not for loan Home library Current library Date acquired Source of acquisition Cost, normal purchase price Total Checkouts Total Renewals Full call number Barcode Date last seen Date checked out Copy number Cost, replacement price Price effective from Koha item type
        Central Library Central Library 10/09/2015 Cen Lib/Ret 350.00 3 1 070 दीक्षित B-237875 04/12/2020 27/10/2020 1 350.00 10/09/2015 Hindi Books

© Delhi Public Library
Hit Counter
free hit counter